Представление документа в формате MARC21

Поле Инд. ПП Название Значение
Тип записи a
Библиографический уровень m
001 Контрольный номер 41841b2b9cd54584954e3614cc6415d8
005 Дата корректировки 20260409133259.5
020 a ISBN 978-5-534-20294-6
041 0_ a Код языка текста rus
044 a Код страны публикации RU
080 a Индекс УДК 373.167.1:57
097 b Оператор *Ви*
100 1_ a Автор Нахаева В.И.
245 10 a Заглавие Биология: генетика. Практический курс
b Продолж. заглавия учебное пособие для СПО
b Продолж. заглавия в составе учебно-методического комплекса
250 a Основные сведения об издании 2-е изд., перераб. и доп.
260 a Место издания Москва
b Издательство Юрайт
c Дата издания 2026
300 a Объем 216 с.
440 _0 a Серия Профессиональное образование
440 _0 a Серия УМК-У
516 8_ a Прим. о типе комп. файла/ данных Текст : электронный
516 8_ a Прим. о типе комп. файла/ данных Режим доступа: по подписке
516 8_ a Прим. о типе комп. файла/ данных Дата обращения: 01.04.2026
520 0_ a Аннотация В настоящее учебное пособие включены работы по основным темам общей генетики, в том числе и по генетике человека. Каждаятема пособия состоит из теоретической части, включающей графологические схемы основных понятий и дидактический материал, и практической части, в которой размещены практические, лабораторные работы, учебно-исследовательские задания, сопровождаемые подробными пояснениями. Данное учебное пособие поможет понять основные закономерности наследования и изменчивости признаков живых организмов.
535 1_ a Хранилище Образовательная платформа Юрайт
583 a Действие Приписка : УМК
653 0_ a Ключевые слова Биология
a Ключевые слова Генетика
a Ключевые слова СПО
773 18 w Контрольный № источника 0acd1402707941ea8d2ecf293a54931a
856 40 u URL https://urait.ru/bcode/586360
901 t Тип документа m
905 b Дата создания записи обработка 08.04.26
c Дата приписки 09.04.26
952 b Гриф литературы для ВШ Гриф УМО СПО